[Event "Juvenil op"]
[Site "?"]
[Date "1997.??.??"]
[Round "3"]
[White "Sanfeliu, A."]
[Black "Fluvia Poyatos, Joan"]
[Result "1/2-1/2"]
[WhiteElo "2020"]
[BlackElo "2075"]

1.e4 c5 2.Nc3 Nc6 3.Nge2 e6 4.d4 cxd4 5.Nxd4 Qc7 6.Be2 a6 7.O-O b5 8.Be3 Bb7
9.a3 Nf6 10.f4 Bc5 11.e5 Nxd4 12.Bxd4 Ne4 13.Nxe4 Bxe4 14.c3 Rc8 15.Bf3 Bxf3
16.Rxf3 Bxd4+ 17.Qxd4 Qc5 18.Rd1 Qxd4+ 19.Rxd4 Ke7 20.Rg3 g6 21.Rgd3 Rhd8
22.g4 Rc6 23.Kf2 d5 24.exd6+ Rcxd6 25.Ke3 f6 26.c4 bxc4 27.Rxd6 Rxd6 28.Rxd6 Kxd6
29.Kd4 c3 30.bxc3 e5+ 31.fxe5+ fxe5+ 32.Ke4 a5 33.h4 a4 34.h5 gxh5 35.gxh5 h6
36.c4 Kc5 37.Kxe5 Kxc4 38.Kf6 Kb3 39.Kg6 Kxa3 40.Kxh6 Kb4 41.Kg7 a3 42.h6 a2
43.h7 a1=Q+ 44.Kg8  1/2-1/2

[Event "Juvenil op"]
[Site "?"]
[Date "1997.??.??"]
[Round "5"]
[White "Ruiz Diez, Julio Cesar"]
[Black "Fluvia Poyatos, Joan"]
[Result "1/2-1/2"]
[WhiteElo "2035"]
[BlackElo "2075"]

1.e4 c5 2.Nf3 e6 3.d4 cxd4 4.Nxd4 Nc6 5.Nc3 Qc7 6.Be3 a6 7.Be2 b5 8.Nxc6 Qxc6
9.O-O Bb7 10.Bf3 Rc8 11.e5 Qc7 12.Bxb7 Qxb7 13.Qd3 Ne7 14.Rfd1 Nf5 15.a4 b4
16.Ne4 Be7 17.Nd6+ Bxd6 18.exd6 Nxe3 19.fxe3 f5 20.c3 bxc3 21.bxc3 Qc6 22.Rdc1 Qc4
23.Qd4 Qxd4 24.cxd4 Kf7 25.Rab1 Rhd8 26.a5 g6 27.Kf2 h6 28.Kf3 Rc6 29.Rxc6 dxc6
30.Rb7+ Kf6 31.Ra7 Rxd6 32.Rxa6 Rd5 33.Ra8 Kf7 34.Ra7+ Kf6 35.Ra8 Kf7 36.a6 Ra5
37.a7 Kg7 38.Re8 Rxa7 39.Rxe6 Rc7 40.Re5 Kf6 41.g3 Rd7 42.Rc5 Rd6 43.h3 Re6
44.Ra5 Kg5 45.Ra6 Kf6  1/2-1/2

[Event "Juvenil op"]
[Site "?"]
[Date "1997.??.??"]
[Round "8"]
[White "Ruiz Diez, Julio Cesar"]
[Black "Rodriguez, Jose Manuel"]
[Result "1/2-1/2"]
[WhiteElo "2035"]
[BlackElo "2180"]

1.e4 c5 2.Nf3 e6 3.d4 cxd4 4.Nxd4 Nc6 5.Nc3 a6 6.Be3 Qc7 7.Bd3 d6 8.O-O Bd7
9.f4 Nf6 10.Qf3 Be7 11.Nxc6 Bxc6 12.a4 b6 13.g4 d5 14.Bd4 dxe4 15.Nxe4 Nxe4
16.Bxe4 Bxe4 17.Qxe4 O-O 18.Qe5 Qxe5 19.Bxe5 Rac8 20.Bc3 Rfd8 21.Rad1 Rxd1
22.Rxd1 Rc4 23.Rd7 Bc5+ 24.Kg2 h5 25.Kg3 hxg4 26.Kxg4 Be3 27.Be5 f6 28.Rc7 Rxa4
29.b3 Rb4 30.Bd6 Rd4 31.Kf3 Bg1 32.Rc6 Rd2 33.Bc7 Rxh2 34.Bxb6 Bxb6 35.Rxb6 Rxc2
36.Rxe6 Rc3+ 37.Kg4 Rxb3 38.Rxa6 Rb5 39.Rc6 Ra5 40.Rb6 Rc5 41.Ra6 Kh7 42.Ra7 Kg6
43.Ra6 Rc8 44.f5+ Kh6 45.Ra1 Rc4+ 46.Kf3 Kg5 47.Ra7 Kxf5 48.Rxg7 Rc3+ 49.Kf2 Kf4
50.Ra7 f5 51.Ra4+ Kg5 52.Ra8 Rb3 53.Ra7 Kg4 54.Ra2 f4 55.Rc2 Rh3 56.Rc8 Rh2+
57.Kg1 Ra2 58.Rc3 Rb2 59.Ra3 f3 60.Ra8 Rg2+ 61.Kf1  1/2-1/2

[Event "Jyvaskyla We JyS"]
[Site "Jyvaskyla"]
[Date "1997.??.??"]
[Round "2"]
[White "Nokso Koivisto, Antti"]
[Black "Kiik, Kalle"]
[Result "0-1"]
[WhiteElo "2215"]
[BlackElo "2380"]

1.e4 c5 2.Nf3 e6 3.d4 cxd4 4.Nxd4 Nc6 5.Nc3 d6 6.Be3 Nf6 7.Qd2 Be7 8.O-O-O Ng4
9.Ndb5 Nxe3 10.fxe3 a6 11.Nxd6+ Qxd6 12.Qxd6 Bxd6 13.Rxd6 Ke7 14.Rd2 b5 15.Be2 Bb7
16.Rhd1 Ne5 17.a3 Rhc8 18.Kb1 Rc7 19.Rd4 Rac8 20.R1d2 g5 21.Rd1 g4 22.R1d2 h5
23.Rd1 Rxc3 24.bxc3 Rxc3 25.a4 Rxe3 26.Bf1 Bxe4 27.axb5 axb5 28.Rb4 Bc6 29.g3 f5
30.Bxb5 Bxb5 31.Rxb5 Re2 32.Rb7+ Kf6 33.Rd8 Nf3 34.Rh8 Rxh2 35.Rh6+ Ke5 36.Rb6 Nd2+
37.Ka2 Ne4 38.Rhxe6+ Kd5 39.Kb2 h4 40.gxh4 g3 41.Rg6 Ke5 42.Rg7 Rxh4 43.Rb5+ Kf4
44.Rf7 Rh5 45.Ra5 g2 46.Ra1 Rh1 47.Rg7 Rxa1 48.Kxa1 Ng3  0-1

[Event "Kastel Stari op"]
[Site "Kastel Stari"]
[Date "1997.??.??"]
[Round "3"]
[White "Djeno, Mara"]
[Black "Nikolov, Sasho"]
[Result "0-1"]
[WhiteElo "2190"]
[BlackElo "2370"]

1.e4 c5 2.Nf3 e6 3.d4 cxd4 4.Nxd4 Nc6 5.Nc3 Qc7 6.Be2 Nf6 7.O-O Be7 8.Be3 O-O
9.f4 d6 10.Kh1 a6 11.Bf3 Bd7 12.Qe1 Nxd4 13.Bxd4 Bc6 14.Qg3 b5 15.Rae1 Rad8
16.a3 Qb7 17.e5 dxe5 18.fxe5 Nd7 19.Ne4 Qc7 20.Bc3 Bxe4 21.Rxe4 Nc5 22.Rg4 g6
23.Bb4 a5 24.Bxc5 Bxc5 25.c3 Rd3 26.Qf4 Rfd8 27.Be4 Rd1 28.h3 Rxf1+ 29.Qxf1 Qxe5
30.Bd3 Rxd3 31.Qxd3 Qe1+  0-1

[Event "Kiev"]
[Site "Kiev"]
[Date "1997.??.??"]
[Round "7"]
[White "Yegiazarian, Arsen"]
[Black "Frolov, Artur"]
[Result "1/2-1/2"]
[WhiteElo "2455"]
[BlackElo "2515"]

1.e4 c5 2.Nf3 Nc6 3.Nc3 e6 4.d4 cxd4 5.Nxd4 d6 6.g4 a6 7.Be3 Nge7 8.Qe2 Nxd4
9.Bxd4 Nc6 10.Be3 b5 11.f4 Be7 12.O-O-O Qa5 13.Qf2 Rb8 14.Kb1 O-O 15.g5 Rd8
16.h4 Bd7 17.h5 Be8 18.Bd3 Nb4 19.f5 Rdc8  1/2-1/2

[Event "Klatovy op-A"]
[Site "Klatovy"]
[Date "1997.??.??"]
[Round "?"]
[White "Pallova, Martina"]
[Black "Novak, Pavel"]
[Result "1-0"]
[WhiteElo "2085"]
[BlackElo "2215"]

1.e4 c5 2.Nf3 e6 3.d4 cxd4 4.Nxd4 Nc6 5.Nc3 a6 6.Nxc6 bxc6 7.e5 Qa5 8.f4 f6
9.Bd3 fxe5 10.Qh5+ Kd8 11.O-O Nf6 12.Qg5 Qc5+ 13.Kh1 exf4 14.Ne4 Qxg5 15.Nxg5 Ke8
16.Bxf4 Bc5 17.Be5 Ke7 18.c3 Be3 19.Ne4 Nxe4 20.Bxe4 Bh6 21.Rad1 d5 22.Bc2 Bd7
23.c4 Be8 24.c5 Bh5 25.Rd4 Rad8 26.Rb4 Be2 27.Rb7+ Rd7 28.Rf7+ Kxf7 29.Rxd7+ Ke8
30.Rc7 Rf8 31.Rc8+ Kf7 32.Rxc6 Kg8 33.h3 Re8 34.Ba4 Bb5 35.Bxb5 axb5 36.Rb6 Be3
37.Rxb5 Rc8 38.b4 g6 39.Rb7 Bxc5 40.bxc5 Rxc5 41.Rg7+  1-0

[Event "Koge op"]
[Site "Koge"]
[Date "1997.??.??"]
[Round "3"]
[White "Hector, Jonny"]
[Black "Sadler, Matthew"]
[Result "1/2-1/2"]
[WhiteElo "2470"]
[BlackElo "2665"]

1.e4 c5 2.Nf3 e6 3.d4 cxd4 4.Nxd4 Nc6 5.Nc3 Qc7 6.Be3 a6 7.Bd3 Nf6 8.O-O Ne5
9.h3 Bc5 10.Kh1 d6 11.f4 Ng6 12.Qd2 O-O 13.Rae1 Bd7 14.Nf3 Nh5 15.Ne2 e5
16.f5 Ngf4 17.Bxf4 exf4 18.Nxf4 Ng3+ 19.Kh2 Nxf1+ 20.Rxf1 Qd8 21.Nh5 Re8
22.f6 Re6 23.Ng5 Rxf6 24.Rxf6 gxf6 25.Qc3 Be6 26.Nxf6+ Kf8 27.Nfxh7+ Ke7
28.b4 Bb6 29.Nxe6 Kxe6 30.Bc4+ Kd7 31.Nf6+ Kc7 32.a4 Kb8 33.a5 Bf2 34.Bxf7 Qe7
35.Bg6 Qg7 36.Bf5 Ka7 37.g4 Rf8 38.Nd5 Bd4 39.Qf3 Qh6 40.Qd3 Be5+ 41.Kg2 Qg7
42.c3 Rh8 43.b5 axb5 44.Qxb5 Qg5 45.Qe2 Qc1 46.Qe3+ Qxe3 47.Nxe3 Bxc3 48.Nc4 Ka6
49.Nxd6 Bxa5 50.e5 Bc7 51.Nf7 Re8 52.h4 Rxe5 53.Nxe5 Bxe5 54.Kf3 Kb6 55.Ke4 Bc3
56.Kd5 Be1 57.h5 Bd2 58.Kd6 Bc1 59.Bc2 Bd2 60.Ba4 Ka5 61.Be8 Kb6 62.Bf7 Bf4+
63.Ke6 Kc7 64.Kf6 Kd6 65.Be8 Be5+ 66.Kf7 Bf4 67.Ba4 Bc1 68.Kg7 Ke7 69.h6 Bb2+
70.Kg8 Kf6  1/2-1/2

[Event "RUS-ch U20"]
[Site "Kolontaevo"]
[Date "1997.??.??"]
[Round "?"]
[White "Bigaliev, Renat"]
[Black "Kobalija, Mihail"]
[Result "1/2-1/2"]
[WhiteElo "2480"]
[BlackElo "2545"]

1.e4 c5 2.Nc3 e6 3.Nge2 Nc6 4.d4 cxd4 5.Nxd4 Qc7 6.g3 a6 7.Bg2 d6 8.O-O Bd7
9.Re1 Be7 10.Nxc6 Bxc6 11.Bf4 Nf6 12.e5 dxe5 13.Bxe5 Qc8 14.Ne4 Nxe4 15.Bxe4 Bxe4
16.Rxe4 O-O 17.Qe2 b5 18.Rd1 Rd8 19.Red4 Rxd4 20.Rxd4 Qe8 21.Qd2 Rd8 22.Bd6 Bf6
23.Be5 Be7 24.Bd6 Bf6 25.Be5 Be7  1/2-1/2

[Event "RUS-ch (Women) sf"]
[Site "Kolontaevo"]
[Date "1997.??.??"]
[Round "?"]
[White "Malashenko, Alyona"]
[Black "Sidorova, Elena"]
[Result "1/2-1/2"]
[WhiteElo "2250"]
[BlackElo "2150"]

1.e4 c5 2.Nf3 e6 3.d4 cxd4 4.Nxd4 Nc6 5.Nc3 Qc7 6.g3 a6 7.Bg2 Nf6 8.O-O Nxd4
9.Qxd4 Bc5 10.Qd3 Ng4 11.Qe2 Ne5 12.Be3 b5 13.Kh1 Bb7 14.Rad1 Rc8 15.Bf4 d6
16.Bxe5  1/2-1/2

[Event "Komarno op"]
[Site "Komarno"]
[Date "1997.??.??"]
[Round "?"]
[White "Salai, Ladislav"]
[Black "Priehoda, Vitezslav"]
[Result "1-0"]
[WhiteElo "2460"]
[BlackElo "2425"]

1.e4 c5 2.Nf3 Nc6 3.d4 cxd4 4.Nxd4 e6 5.Nc3 Qc7 6.Be2 a6 7.O-O Nf6 8.Be3 b5
9.Nxc6 dxc6 10.f4 e5 11.fxe5 Qxe5 12.Kh1 Be6 13.Bd4 Qc7 14.e5 Nd5 15.Nxd5 Bxd5
16.a4 Rd8 17.e6 Bxe6 18.Bg4 Bc4 19.Qe1+ Qe7 20.Qf2 Bxf1 21.Rxf1 h5 22.Bc5 hxg4
23.Bxe7 Bxe7 24.Qxf7+ Kd7 25.g3 Rhf8 26.Rd1+ Kc8 27.Qe6+ Kb8 28.Rxd8+  1-0

[Event "Komarno op"]
[Site "Komarno"]
[Date "1997.??.??"]
[Round "?"]
[White "Manik, Mikulas"]
[Black "Gross, Stefan"]
[Result "1-0"]
[WhiteElo "2455"]
[BlackElo "2340"]

1.e4 c5 2.Nf3 e6 3.d4 cxd4 4.Nxd4 Nc6 5.Nc3 d6 6.g3 Nf6 7.Bg2 Bd7 8.O-O Be7
9.Be3 O-O 10.h3 Nxd4 11.Qxd4 Bc6 12.a4 Qb8 13.g4 Nd7 14.Rad1 a6 15.f4 b5
16.axb5 axb5 17.g5 b4 18.Ne2 d5 19.exd5 Bc5 20.Qd2 Bxe3+ 21.Qxe3 Bxd5 22.Bxd5 exd5
23.Rxd5 Re8 24.Qf2 Qc7 25.Ng3 Rac8 26.Nf5 Nf8 27.Nd6 Red8 28.Rfd1 Rb8 29.f5 Rb6
30.Nb5 Rxd5 31.Rxd5 Qb7 32.Qc5 Rc6 33.Qa7 Qxa7+ 34.Nxa7 Rc7 35.Nb5 Rxc2 36.b3 h6
37.gxh6 gxh6 38.Rd4 Nh7 39.h4 Nf6 40.Rxb4 h5 41.Nd6 Ng4 42.Rb7 Ne5 43.Kf1 Nf3
44.Nxf7 Rd2 45.Ng5 Nxg5 46.hxg5 Rd5 47.Rb8+ Kg7 48.f6+ Kf7 49.Rb7+ Kf8 50.Rg7 Rb5
51.Kg2 Rxb3 52.Rh7 Kg8 53.Rxh5  1-0

[Event "Cassovia op"]
[Site "Kosice"]
[Date "1997.??.??"]
[Round "?"]
[White "Cherevatenko, Roman"]
[Black "Harasta, Vladimir"]
[Result "1-0"]
[WhiteElo "2395"]
[BlackElo "2170"]

1.e4 c5 2.Nf3 e6 3.d4 cxd4 4.Nxd4 Nc6 5.Nc3 d6 6.g4 Nge7 7.Be3 a6 8.h4 Nxd4
9.Qxd4 Nc6 10.Qb6 Be7 11.O-O-O Bxh4 12.Qxd8+ Bxd8 13.Rxd6 Be7 14.Rd2 b5 15.f4 h6
16.Rdh2 Rg8 17.Rd2 Bb7 18.Bg2 Rd8 19.e5 Rxd2 20.Bxd2 Na5 21.Bxb7 Nxb7 22.Rd1 Kd7
23.a4 Kc6 24.axb5+ axb5 25.Rf1 f5 26.gxf5 exf5 27.Ne2 Bc5 28.b4 Bb6 29.Bc3 Nd8
30.Rd1 Nb7 31.Bd4 g5 32.Bxb6 Kxb6 33.Rh1 gxf4 34.Rxh6+ Kc7 35.Nxf4 Nd8 36.Nd5+ Kc8
37.Ne7+  1-0

[Event "Cassovia op"]
[Site "Kosice"]
[Date "1997.??.??"]
[Round "?"]
[White "Manik, Mikulas"]
[Black "Harasta, Vladimir"]
[Result "1-0"]
[WhiteElo "2465"]
[BlackElo "2170"]

1.e4 c5 2.Nf3 e6 3.d4 cxd4 4.Nxd4 Nc6 5.Nc3 d6 6.g3 Nxd4 7.Qxd4 Ne7 8.Bg2 Nc6
9.Qd3 Be7 10.O-O O-O 11.Be3 a6 12.f4 b5 13.Ne2 Qc7 14.c3 Bb7 15.g4 Rfd8 16.Rad1 Bf8
17.g5 Ne7 18.Ng3 e5 19.f5 Qc4 20.Qxc4 bxc4 21.Bb6 Rd7 22.f6 Nc8 23.fxg7 Nxb6
24.gxf8=Q+ Rxf8 25.Rf6 Na4 26.Bh3 Rc7 27.Rd2 Rd8 28.Rdxd6 Rxd6 29.Rxd6 Kf8
30.Nf5 Ke8 31.Rh6 Nc5 32.Rxh7 Bxe4 33.g6 Bxf5 34.Rh8+  1-0

[Event "Krasnodar op"]
[Site "Krasnodar"]
[Date "1997.??.??"]
[Round "?"]
[White "Chigvintsev, Andrei"]
[Black "Brodsky, Michail"]
[Result "1/2-1/2"]
[WhiteElo "2350"]
[BlackElo "2515"]

1.e4 c5 2.Nf3 Nc6 3.d4 cxd4 4.Nxd4 e6 5.Nc3 Qc7 6.g3 a6 7.Bg2 d6 8.O-O Bd7
9.g4 h6 10.Re1 Be7 11.Nxc6 Bxc6 12.Bf4 Rd8 13.Qe2 Nf6 14.Rad1 b5 15.a3 Rd7
16.h4 Qb7 17.b4 d5 18.exd5 Nxd5 19.Nxd5 Bxd5 20.Bxd5 exd5 21.g5 hxg5 22.hxg5 Qc6
23.Rd3 d4 24.Qe4 Qd5 25.Kg2 Rh5 26.Qxd5 Rxd5 27.c3 Kd7 28.Rxd4 Rxd4 29.cxd4 Bd6
30.Bxd6 Kxd6 31.f4 f6 32.Kg3 fxg5 33.Kg4 Rh2 34.fxg5 Kd5 35.Kf5 Rh3 36.Kg6 Rxa3
37.Kxg7  1/2-1/2

[Event "Krasnodar op"]
[Site "Krasnodar"]
[Date "1997.??.??"]
[Round "?"]
[White "Dashko, Andrey"]
[Black "Brodsky, Michail"]
[Result "0-1"]
[WhiteElo "2210"]
[BlackElo "2515"]

1.e4 c5 2.Nf3 e6 3.d4 cxd4 4.Nxd4 Nc6 5.Nc3 Qc7 6.Be3 a6 7.Be2 Nf6 8.O-O Be7
9.Kh1 O-O 10.f4 d6 11.Bd3 Nxd4 12.Bxd4 e5 13.Be3 exf4 14.Bxf4 Be6 15.Qf3 Rfe8
16.Rae1 Nd7 17.Nd5 Bxd5 18.exd5 Bf6 19.Rxe8+ Rxe8 20.Bg5 Re4 21.Bd2 Re7 22.Qh3 g6
23.b3 Qc5 24.c4 Qd4 25.Bf4 Be5 26.Bg5 f6 27.Bh6 f5 28.Bg5 Bf6 29.Bf4 Nc5
30.Bxf5 Qxf4 31.g3 Qe5 32.Qg4 Kg7 33.Kg2 Qd4 34.Rf4  0-1

[Event "RUS-Cup6"]
[Site "Krasnodar"]
[Date "1997.??.??"]
[Round "6"]
[White "Drozdov, Igor"]
[Black "Stepovaia Dianchenko, Tatiana"]
[Result "1/2-1/2"]
[WhiteElo "2455"]
[BlackElo "2350"]

1.e4 c5 2.Nf3 e6 3.d4 cxd4 4.Nxd4 Nc6 5.Nc3 Qc7 6.Be2 a6 7.O-O Nf6 8.Kh1 Nxd4
9.Qxd4 Bc5 10.Qd3 b5 11.Bf3 Rb8 12.Bg5 Bb7 13.Rad1 h5 14.Bh4 b4 15.Ne2 Ng4
16.Bxg4 hxg4 17.Bg3 e5 18.Nd4 Bxd4 19.Qxd4 exd4 20.Bxc7 Rc8 21.Be5 f6 22.Bxd4 Rxc2
23.Rc1 Rxc1 24.Rxc1 Kf7 25.f3 Bc6 26.Kg1 Ke6 27.Re1 gxf3 28.gxf3 Rh5 29.Re3 g6
30.a3 bxa3 31.Rxa3 Bb5 32.Rc3 f5 33.Rc5 d6 34.exf5+ gxf5 35.Rc8 Rh4 36.Bc3 Rf4
37.Kf2 Kd7 38.Rh8 Bc6 39.Rh3 Bd5 40.Ke3 Ra4 41.Rh6 Ra1 42.Bb4 Be6 43.h4 f4+
44.Kf2 Rc1 45.Bc3 Rc2+ 46.Ke1 Rc1+  1/2-1/2

[Event "Krasnodar"]
[Site "Krasnodar"]
[Date "1997.??.??"]
[Round "9"]
[White "Lobzhanidze, Davit"]
[Black "Beshukov, Sergei"]
[Result "1/2-1/2"]
[WhiteElo "2375"]
[BlackElo "2435"]

1.e4 c5 2.Nf3 Nc6 3.d4 cxd4 4.Nxd4 e6 5.Nc3 Qc7 6.g3 a6 7.Bg2 d6 8.O-O Bd7
9.a4 Be7 10.Nb3 Nf6 11.f4 O-O 12.g4 h6 13.Kh1 Nh7 14.Be3 b6 15.Qd2 Na5 16.Qf2 Nc4
17.Bc1 b5 18.Nd4 b4 19.Nce2 Rab8 20.Ng3 Na5 21.b3 Nc6 22.Nxc6 Bxc6 23.Bb2 Bf6
24.Bxf6 Nxf6 25.h3 Rbc8 26.Rad1 Bb7 27.Rd2 d5 28.e5 Ne4 29.Nxe4 dxe4 30.Re1 Rfd8
31.Bxe4 Bxe4+ 32.Rxe4 Qc6 33.Rxd8+ Rxd8 34.Qg2 Qc3 35.Kh2 a5 36.Re2 Qd4 37.Qf3 Rc8
38.Qf2 Qxf2+ 39.Rxf2 Kf8 40.c4 bxc3 41.Rc2 g5 42.Kg3 Rc5 43.Kf3 Ke7 44.fxg5 hxg5
45.Ke4 Kd7 46.Kd4 Rd5+ 47.Ke4 Rc5 48.Kd4 Rd5+ 49.Kxc3 Rxe5 50.Kd4 Rd5+ 51.Kc4 Kc6
52.b4 axb4 53.Kxb4+ Kb6 54.Rf2 f5 55.Re2 fxg4 56.a5+ Kb7 57.hxg4 Rd4+  1/2-1/2

[Event "IBM op"]
[Site "La Reunion"]
[Date "1997.??.??"]
[Round "3"]
[White "Cots Paltor, Jordi"]
[Black "De la Riva Aguado, Oscar"]
[Result "0-1"]
[WhiteElo "2160"]
[BlackElo "2480"]

1.e4 c5 2.Nf3 Nc6 3.d4 cxd4 4.Nxd4 e6 5.Nc3 Qc7 6.Be3 a6 7.Be2 Nf6 8.O-O Bb4
9.Bg5 Ne7 10.Qd3 b6 11.Bxf6 gxf6 12.Nd1 Ng6 13.Qc4 Qxc4 14.Bxc4 Bb7 15.c3 Bc5
16.Re1 h5 17.b4 Bd6 18.a4 Rc8 19.Nb2 Ne5 20.Bf1 Rxc3 21.b5 a5 22.f4 Bc5 23.Rad1 Ng4  0-1

[Event "Gran Canaria op"]
[Site "Las Palmas"]
[Date "1997.??.??"]
[Round "?"]
[White "Magem Badals, Jorge"]
[Black "Barlov, Dragan"]
[Result "1/2-1/2"]
[WhiteElo "2560"]
[BlackElo "2470"]

1.e4 c5 2.Nf3 e6 3.d4 cxd4 4.Nxd4 Nc6 5.Nc3 Qc7 6.Be2 a6 7.O-O Nf6 8.Be3 Be7
9.f4 d6 10.a4 O-O 11.Kh1 Bd7 12.Nb3 b6 13.g4 d5 14.e5 Ne4 15.Bd3 Nb4 16.Ne2 Rac8
17.Bd4 f5 18.gxf5 exf5 19.Rg1 Be6 20.Rg2 Rf7 21.Ng1 Nc5 22.Nf3 Qd7 23.Bf1 Rb8
24.c3 Nc6 25.Be2 Qc8 26.Ng5 Bxg5 27.Rxg5 Nxb3 28.Qxb3 b5 29.axb5 axb5 30.Bf3 Qd7
31.Qa2 b4 32.Rd1 Rff8 33.Rgg1 Rfc8 34.Qa6 Nxd4 35.Rxd4 bxc3 36.bxc3 Rxc3
37.Qxe6+ Qxe6 38.Bxd5 Qxd5+ 39.Rxd5 Rc7 40.Rgd1 Kf7 41.Rd7+ Rxd7 42.Rxd7+  1/2-1/2

[Event "Gran Canaria op"]
[Site "Las Palmas"]
[Date "1997.??.??"]
[Round "?"]
[White "Ribeiro, Fernando"]
[Black "Costa Fernando, JM."]
[Result "1/2-1/2"]
[WhiteElo "2340"]
[BlackElo "2075"]

1.e4 c5 2.Nf3 e6 3.d4 cxd4 4.Nxd4 Nc6 5.Nc3 Qc7 6.g3 a6 7.Bg2 Nf6 8.O-O Be7
9.Kh1 O-O 10.f4 d6 11.Be3 Bd7  1/2-1/2

[Event "Lazne Bohdanec-B"]
[Site "Lazne Bohdanec"]
[Date "1997.??.??"]
[Round "?"]
[White "Prandstetter, Eduard"]
[Black "Sluka, Radek"]
[Result "0-1"]
[WhiteElo "2395"]
[BlackElo "2345"]

1.e4 c5 2.Nf3 e6 3.d4 cxd4 4.Nxd4 Nc6 5.Nc3 a6 6.Be2 Nge7 7.Be3 b5 8.O-O Nxd4
9.Qxd4 Nc6 10.Qd2 Be7 11.f4 O-O 12.Rad1 Qc7 13.e5 Na5 14.Ne4 Nc4 15.Bxc4 Qxc4
16.Nd6 Bxd6 17.exd6 Bb7 18.b3 Qe4 19.Qf2 Rac8 20.Rd2 f6 21.Re1 Qf5 22.Bb6 Rc6
23.h3 h5 24.Bc7 Rc5 25.Ree2 Rd5 26.c4 bxc4 27.bxc4 Rxd2 28.Rxd2 Re8 29.Rb2 Bc6
30.Rb6 Qe4 31.c5 e5 32.fxe5 Rxe5 33.Rb8+ Kf7 34.Rb2 Rf5 35.Qc2 Qd4+ 36.Kh2 Qe5+
37.Kg1 Qe1+ 38.Kh2 Qe5+ 39.Kg1 Qe3+ 40.Kh2 Qf4+ 41.Kg1 Qd4+ 42.Kh2 Rg5 43.Qc1 Qe4  0-1

[Event "Leeuwarden op"]
[Site "Leeuwarden"]
[Date "1997.??.??"]
[Round "4"]
[White "Kroeze, Frank M"]
[Black "Kharlov, Andrei"]
[Result "1/2-1/2"]
[WhiteElo "2380"]
[BlackElo "2565"]

1.e4 c5 2.Nf3 e6 3.Nc3 Nc6 4.d4 cxd4 5.Nxd4 Nf6 6.Ndb5 d6 7.Bf4 e5 8.Bg5 a6
9.Na3 Be6 10.Nc4 Rc8 11.Bd3 Be7 12.Bxf6 Bxf6 13.O-O O-O 14.Nd5 Bxd5 15.exd5 Nb8
16.a4 Qc7 17.a5 Nd7 18.Qe1 g6 19.Qb4 e4 20.Be2 Be7 21.Ra3 f5 22.Rb3 Nc5 23.Ra3 Rce8
24.Qb6 Qb8 25.f3 Rf6 26.fxe4 Bd8 27.Qb4 Qa7 28.Kh1 Nxe4 29.Nb6 Bxb6 30.axb6 Qb8
31.Bf3 Rf7 32.Qd4 Qd8 33.Re3 Rfe7 34.Rfe1 Re5 35.Bxe4 Qe7 36.Kg1 Rxe4 37.Rxe4 fxe4
38.Re3 Qg5 39.h3 Qf5  1/2-1/2

[Event "Leeuwarden op"]
[Site "Leeuwarden"]
[Date "1997.??.??"]
[Round "7"]
[White "Wiersma, Eelke"]
[Black "Ligterink, Gert"]
[Result "0-1"]
[WhiteElo "2300"]
[BlackElo "2450"]

1.e4 c5 2.Nf3 e6 3.d4 cxd4 4.Nxd4 Nc6 5.Nc3 d6 6.g4 Nge7 7.Be3 a6 8.Nb3 b5
9.Qe2 Na5 10.O-O-O Nc4 11.f4 Qc7 12.h4 Bb7 13.Bg1 O-O-O 14.Rh3 d5 15.Bh2 dxe4
16.Rxd8+ Qxd8 17.a4 Qb6 18.Nxe4 Nd5 19.f5 Be7 20.Ng5 Bf6 21.Nxf7 Bxb2+ 22.Kb1 Re8
23.Qe1 Ba3 24.axb5 axb5 25.Bxc4 bxc4 26.Qa5 Bb4 27.Qxb6 Nxb6 28.Nd4 exf5
29.Nxf5 Re1+ 30.Ka2 Bd5 31.c3 Bxf7 32.cxb4 c3+  0-1

[Event "Leeuwarden op"]
[Site "Leeuwarden"]
[Date "1997.??.??"]
[Round "8"]
[White "Yakovich, Yuri"]
[Black "Van der Werf, Mark"]
[Result "1-0"]
[WhiteElo "2610"]
[BlackElo "2410"]

1.e4 c5 2.Nf3 e6 3.d4 cxd4 4.Nxd4 Nc6 5.Nc3 d6 6.Be3 Nf6 7.f4 Bd7 8.Qf3 a6
9.O-O-O Qc7 10.Rg1 h5 11.h3 h4 12.Kb1 Be7 13.Bd3 Rc8 14.Qf2 b5 15.Nf3 Nb4
16.e5 Nfd5 17.Nxd5 Nxd5 18.Rgf1 b4 19.Nd4 dxe5 20.fxe5 Qxe5 21.Qxf7+ Kd8
22.Nf5 Rf8 23.Bb6+ Nxb6 24.Qxe7+ Kc7 25.Rfe1 Qf6 26.Qc5+ Bc6 27.Nd4 Kb7 28.Rxe6  1-0

[Event "NLD-chJ"]
[Site "Leiden"]
[Date "1997.??.??"]
[Round "9"]
[White "Jap Tjoen San, Linda"]
[Black "Kuipers, Eelco"]
[Result "1/2-1/2"]
[WhiteElo "2175"]
[BlackElo "2195"]

1.e4 c5 2.Nf3 e6 3.d4 cxd4 4.Nxd4 Nc6 5.Nc3 Qc7 6.Be2 a6 7.a4 Bb4 8.O-O Nf6
9.Bg5 Bxc3 10.Bxf6 gxf6 11.bxc3 Na5 12.Qd3 b6 13.Nb3 Nc6 14.f4 Bb7 15.Rad1 Rc8
16.Qe3 Ne7 17.c4 Rg8 18.Nd2 Bc6 19.c5 bxc5 20.Bxa6 Ra8 21.Bb5 Bxb5 22.axb5 c4
23.Qd4 Rc8 24.Ra1 Kf8 25.Ra7 Qc5 26.Qxc5 Rxc5 27.Rxd7 Rxb5 28.Nxc4 Rc5 29.Rd8+ Kg7
30.Rxg8+ Kxg8 31.Ne3 Nc6 32.Kf2 Kf8 33.Ke2 Ra5 34.Rd1 Ra4 35.Rd6 Nd4+ 36.Kd3 Nb5
37.Rd8+ Ke7 38.Rh8 Rd4+ 39.Ke2 Rxe4 40.g3 Nd6 41.Kd3 Ra4 42.Rxh7 Ra3+ 43.Ke2 Nb5
44.Rh8 Nd4+ 45.Kf2 Rc3 46.g4 Nxc2 47.Nxc2 Rxc2+ 48.Kf3 Rc3+ 49.Ke4 Rc4+ 50.Kf3 Rc3+
51.Ke4  1/2-1/2

[Event "Anibal op 4th"]
[Site "Linares"]
[Date "1997.??.??"]
[Round "4"]
[White "Rohl, Juan"]
[Black "Zapata, Alonso"]
[Result "0-1"]
[WhiteElo "2415"]
[BlackElo "2515"]

1.e4 c5 2.Nc3 Nc6 3.Nf3 e6 4.d4 cxd4 5.Nxd4 Qc7 6.Be2 Nf6 7.O-O a6 8.Be3 Bb4
9.Na4 Be7 10.c4 d6 11.Nxc6 bxc6 12.Nb6 Rb8 13.Nxc8 Qxc8 14.Qc2 c5 15.Rab1 Qc6
16.Bd3 Ng4 17.Bd2 Bf6 18.Be2 Ne5 19.Bc3 Nd7 20.Bxf6 Nxf6 21.Bd3 e5 22.a3 a5
23.Qd2 a4 24.Bc2 O-O 25.Rfe1 Rb6 26.Qd1 Ra8 27.Re3 Nd7 28.Qd5 Nf8 29.b3 axb3
30.Rexb3 Rba6 31.Qxc6 Rxc6 32.Rb8 Rxa3 33.Rd8 g6 34.f4 Kg7 35.f5 Rc3 36.Bd1 gxf5
37.exf5 Rxc4 38.f6+ Kxf6 39.Rxf8 Kg7 40.Rd8 Rd4 41.Rd7 Kg6 42.Bc2+ f5 43.Rf1 e4
44.g4 fxg4 45.Re1 Kf5 46.Rxh7 d5 47.Rh5+ Kf4 48.Rh4 Rg6 49.Bd1 Rd2 50.Rf1+ Ke3
51.Rxg4 Rh6 52.Re1+ Kd4 53.h4 c4 54.Bf3 c3 55.Bxe4 dxe4 56.Rgxe4+ Kd5 57.Re5+ Kc4
58.h5 c2 59.R1e4+ Kc3 60.Re1 Rd1 61.Kf2 Rxe1 62.Rxe1 Kb2 63.Rh1 c1=Q  0-1

[Event "Linares-B"]
[Site "Linares"]
[Date "1997.??.??"]
[Round "5"]
[White "Santos, Carlos P"]
[Black "Teran Alvarez, Ismael"]
[Result "0-1"]
[WhiteElo "2340"]
[BlackElo "2350"]

1.e4 c5 2.Nf3 Nc6 3.Nc3 e6 4.d4 cxd4 5.Nxd4 Qc7 6.Ndb5 Qb8 7.a4 Nf6 8.g3 a6
9.Na3 Bb4 10.Bg2 d5 11.exd5 Qe5+ 12.Kf1 exd5 13.Bf4 Qe7 14.Nxd5 Nxd5 15.Bxd5 Bh3+
16.Bg2 Rd8 17.Qh5 Be6 18.c3 Bxa3 19.bxa3 O-O 20.Bf3 g6 21.Qh6 Bd5 22.Bxd5 Rxd5
23.Re1 Qd7 24.g4 Rd3 25.h4 Re8 26.Be3 Rd1 27.h5 Rd8 28.Bd4 Rxe1+ 29.Kxe1 Nxd4
30.cxd4 Qxd4  0-1

[Event "Anibal op 4th"]
[Site "Linares"]
[Date "1997.??.??"]
[Round "5"]
[White "Villavicencio, Adalberto"]
[Black "Janjgava, Lasha"]
[Result "1/2-1/2"]
[WhiteElo "2275"]
[BlackElo "2495"]

1.e4 c5 2.Nf3 e6 3.d4 cxd4 4.Nxd4 Nc6 5.Nc3 Qc7 6.Be3 a6 7.Be2 Nf6 8.O-O d6
9.f4 Be7 10.a4 O-O 11.Kh1 Re8 12.Qe1 Bd7 13.Nb3 Nb4 14.Rc1 d5 15.e5 Ne4 16.Nxe4 dxe4
17.a5 Rac8 18.Bb6 Qb8 19.c4 Ba4  1/2-1/2

[Event "Linz op"]
[Site "Linz"]
[Date "1997.??.??"]
[Round "3"]
[White "Grabher, Heinz"]
[Black "Rumpl, Erwin"]
[Result "1-0"]
[WhiteElo "2275"]
[BlackElo "2190"]

1.e4 c5 2.Nf3 e6 3.d4 cxd4 4.Nxd4 Nc6 5.Nc3 a6 6.Nxc6 bxc6 7.Bd3 e5 8.O-O Nf6
9.f4 d6 10.Na4 Be7 11.c4 O-O 12.fxe5 dxe5 13.Be3 c5 14.h3 Qc7 15.Qe2 Bb7
16.Nc3 Rac8 17.Rac1 Qa5 18.b3 Qb4 19.Nd5 Bxd5 20.cxd5 a5 21.Rc4 Qb6 22.Rfc1 Rc7
23.Ra4 Rb8 24.Kh1 Ra7 25.Qf2 Nd7 26.Rac4 Qc7 27.R1c2 Rb4 28.Bd2 Rxc4 29.Rxc4 Nb6
30.Rc2 Ra8 31.Be3 Nd7 32.Bb5 Rc8 33.Bxd7 Qxd7 34.Rc4 Qc7 35.Qc2 h6 36.a3 Qa7
37.b4 axb4 38.axb4 Rb8 39.Bxc5 Bxc5 40.bxc5 Qa1+ 41.Kh2 Rb2 42.Ra4 Rxc2 43.Rxa1 Rxc5
44.Ra8+ Kh7 45.d6  1-0

[Event "Lippstadt"]
[Site "Lippstadt"]
[Date "1997.??.??"]
[Round "7"]
[White "Wehmeier, Stefan"]
[Black "Liang Jinrong"]
[Result "1-0"]
[WhiteElo "2395"]
[BlackElo "2425"]

1.e4 c5 2.Nc3 Nc6 3.Nf3 e6 4.d4 cxd4 5.Nxd4 Qc7 6.Be2 a6 7.O-O Nf6 8.Be3 Bb4
9.Na4 Be7 10.Nxc6 bxc6 11.Nb6 Rb8 12.Nxc8 Qxc8 13.e5 Nd5 14.Bc1 Bc5 15.c4 Ne7
16.Kh1 Qc7 17.f4 O-O 18.b3 Rfd8 19.Bb2 d6 20.Bd3 dxe5 21.Bxe5 Bd6 22.Qc2 Bxe5
23.Bxh7+ Kf8 24.fxe5 Qxe5 25.Rae1 Qd6 26.Qf2 f6 27.Qh4 Ng8 28.h3 e5 29.Rf5 Nh6
30.Rf3 Qe7 31.Qh5 Nf7 32.Bg6 Rd2 33.Bxf7 Qxf7 34.Qh8+ Qg8 35.Rxf6+ Ke7 36.Qxg8 Rxg8
37.Rxc6 Rxa2 38.Rxe5+ Kd7 39.Rg6 Rb2 40.Re3 a5 41.Reg3 Ke8 42.Ra6  1-0

[Event "Lilie op"]
[Site "Litomysl"]
[Date "1997.??.??"]
[Round "4"]
[White "Gross, David"]
[Black "Dovzik, Juri"]
[Result "1-0"]
[WhiteElo "2405"]
[BlackElo "2405"]

1.e4 c5 2.Nf3 e6 3.d4 cxd4 4.Nxd4 Nc6 5.Nc3 Qc7 6.f4 a6 7.Nxc6 bxc6 8.Bd3 d5
9.O-O Nf6 10.Qe2 d4 11.Na4 c5 12.b3 Bb7 13.Nb2 Be7 14.Nc4 O-O 15.a4 Nd7 16.Bd2 Rfe8
17.Na5 Bf8 18.Nxb7 Qxb7 19.a5 g6 20.g4 Bg7 21.e5 Nb8 22.h4 Nc6 23.Qg2 Qd7
24.h5 Ra7 25.hxg6 fxg6 26.Rf3 Ne7 27.Raf1 Rf8 28.Rh3 Nd5 29.Qh1 Ne3 30.Bxe3 dxe3
31.Rxe3 Qd8 32.Qc6 Qxa5 33.Qxe6+ Kh8 34.Rh3 c4 35.Bxg6 Qc5+ 36.Kg2 Bh6 37.Rxh6 Qe3
38.Bxh7 Qe2+ 39.Rf2  1-0